Land and sustainable livelihood in Latin America (Record no. 44016)

MARC details
000 -LEADER
fixed length control field 00344nam a2200121Ia 4500
020 ## - INTERNATIONAL STANDARD BOOK NUMBER
ISBN 9068321412
082 ## - DEWEY DECIMAL CLASSIFICATION NUMBER
Classification number 332.1
Item number ZOO
100 ## - MAIN ENTRY--AUTHOR NAME
Personal name Zoomers, Annelies
245 #0 - TITLE STATEMENT
Title Land and sustainable livelihood in Latin America
260 ## - PUBLICATION, DISTRIBUTION, ETC. (IMPRINT)
Place of publication The Netherlands
Name of publisher Royal Tropical Institute
Year of publication 2001
942 ## - ADDED ENTRY ELEMENTS (KOHA)
Koha item type Books
Holdings
Withdrawn status Lost status Damaged status Not for loan Home library Current library Date acquired Source of acquisition Full call number Accession Number Koha item type
        RRII Library RRII Library 16/12/2021 Gift 332.1 ZOO G00764 Books